000 01530nam a2200325 i 4500
003 DO-SdBNP
005 20250204100751.0
007 ta
008 090720e1999 dr r 001 0 spa d
020 _a8489525234
040 _aDO-SdBNP
_bspa
_cBNPHU
_erda
082 4 _a349.7293
_bV422h, 1999
_222
100 1 _aVega B., Wenceslao,
_d1932-
_eautor
_4aut.
_938670
245 1 0 _aHistoria del derecho dominicano /
_cWenceslao Vega B.
250 _aTercera edición
264 1 _aSanto Domingo :
_bEditora Amigo del Hogar
_c1999.
300 _axi, 465 páginas :
_b23 cm.
336 _atexto
_btxt
_2rdacontent
337 _asin mediación
_bn
_2rdamedia
338 _avolumen
_bnc
_2rdacarrier
500 _aIncluye datos biográficos del autor en la solapa de la cubierta
504 _aBibliografía : páginas 419-424
505 _aIntroducción a la nueva edición--
_tIntroducción--
_gCapítulo 1--
_tAntecedentes--
_gCapítulo 2--
_tEl derecho castellano a fines del Siglo XV--
_gCapítulo 3--
_tEl derecho en la sociedad taina en la española--
_gCapítulo 4--
_tEl derecho al descubrimiento--
_gCapítulo 5--
_tEl primer derecho en la isla española--
_gCapítulo 6--
_tLos primeros experimentos jurídicos.
590 _aInventariado, 2024 / BT
650 4 _aDerecho civil
_zRepública Dominicana
_xHistoria
_912432
650 4 _aDerecho
_xLegislación
_zRepública Dominicana
_981420
651 4 _aRepública Dominicana
_xLegislación
_xHistoria
_912433
910 _aBtavárez/ Validado. Control de calidad. EMS
942 _2ddc
_cLBS1
999 _c56907
_d56907